Statistics for Best NBA Players Ever with # of championships

Click here to take the quiz!

General Stats

  • This quiz has been taken 82 times
    (39 since last reset)
  • The average score is 6 of 11

Answer Stats

ChampionshipsPlayer% Correct
11Bill Russell
100%
6Michael Jordan
95%
4LeBron James
92%
5Tim Duncan
65%
3Larry Bird
62%
0Karl Malone
59%
2Hakeem Olajuwon
43%
10Sam Jones
43%
8John Havlicek
41%
1Kevin Garnett
30%
7Frank Ramsey
3%

Score Distribution

Percentile by Number Answered

Percent of People with Each Score

Your Score History

You have not taken this quiz since the last reset